00683nam a2200169 a 4500001001000000003000400010005001700014008003900031040002600070082002400096110006800120245010000188260006700288300002200355651005900377651007700436000029848OSt20201218114815.0110426s1940 dr 000 spa d aDO-SdBNPbspacBNPHU  4a327.7293bR426m2222 aRepública Dominicana bSecretaría de Relaciones Exteriores 10aMemoria de la Secretaría de Estado de Relaciones Exteriores :bcorrespondiente al año 1940. aCiudad Trujillo, República Dominicana :bLa Nación, c1940 a340 p. ;c28 cm.  4aRepública Dominicana xRelaciones exteriores y 1940 4aRepública Dominicana xPolitca y gobierno yEra de Trujillo, 1930-1961